1: La poesia barocca in Italia, Spagna e America spagnola, Portogallo e Brasile /

Gespeichert in:
Bibliographische Detailangaben
Weitere Verfasser: Bellini, Giuseppe, (1923-2016) (Geleitwort verfasst von), Jannini, P. A. (Geleitwort verfasst von), Demolli, Fabio (Geleitwort verfasst von)
Format: Buch
Sprache:Italienisch
Spanisch
Veröffentlicht: Milano : Garzanti, 1973
Schriftenreihe:I Garzanti ; 419
Tags: Tag hinzufügen
Keine Tags, Fügen Sie das erste Tag hinzu!

MARC

LEADER 00000nam a22000007ib4500
001 IT\ICCU\SBL\0468179
003 ItRI
005 20260115232256.0
008 910930s1973 it |||||| ||||| |||||c
015 |2 IT  |a 743392 
040 |b ita  |c importazione bologna sebina 
041 7 |a ita  |a spa  |2 ISO-639-2 
245 0 6 |a 1: La poesia barocca in Italia, Spagna e America spagnola, Portogallo e Brasile /  |c prefazione di Giacinto Spagnoletti ; saggi introduttivi e versioni di Fabio Demolli, Giuseppe Bellini, P. A. Jannini. 
260 |a Milano :  |b Garzanti,  |c 1973 
300 |a 365 p. ;  |c 18 cm 
700 1 |a Bellini, Giuseppe,  |d  (1923-2016)  |0 IT\ICCU\CFIV\025643  |4 aui 
700 1 |a Jannini, P. A.  |0 IT\ICCU\CFIV\052538  |4 aui 
700 1 |a Demolli, Fabio  |0 IT\ICCU\CFIV\104960  |4 aui 
773 0 |w IT\ICCU\SBL\0468178  |t Poeti dell'età barocca  |g 1 
790 1 |a Bellini, G.  |3 IT\ICCU\SBNV\111624  |z Bellini, Giuseppe (1923-2016) 
790 1 |a Anjel Jannini, Pasquale  |3 IT\ICCU\SBNV\094427  |z Jannini, P. A. 
790 1 |a Jannini, Pasquale Aniel  |3 IT\ICCU\SBNV\094428  |z Jannini, P. A. 
790 1 |a Aniel Jannini, Pasquale  |3 IT\ICCU\UMCV\298781  |z Jannini, P. A. 
830 2 |a I Garzanti ;  |v 419  |0 IT\ICCU\CFI\0000917 
942 |2 ddc  |c BK  |n 0 
952 |0 0  |1 0  |4 0  |6 DOC_808_810000000000000_SPA  |7 0  |9 23417  |a BO  |b BO  |d 2026-01-15  |i 9941  |l 0  |o DOC 808.81 SPA  |p BO9941  |r 2026-01-15 23:22:56  |w 2026-01-15  |x [Sebina 5] [1 v.]  |y BK  |z v. 1 
999 |c 19958  |d 19958